| 000 | 00505nam a2200181 a 4500 | ||
|---|---|---|---|
| 005 | 20220611063700.0 | ||
| 008 | 991125s1947 mx 000 0 spa u | ||
| 035 | _aUPN01000046335 | ||
| 049 | _aLT | ||
| 050 | 4 |
_aLB1576 M6 _bH3.6 |
|
| 100 | 1 |
_aHamilton, J. _928890 |
|
| 245 | 1 | 0 |
_aPrimeras lecciones de inglés / _cpor J. Hamilton |
| 260 |
_aMéxico : _bProgreso, _c1947 |
||
| 300 |
_a96 p. : _bil. |
||
| 650 | 4 |
_aInglés _xEstudio y enseñanza (Elemental) _95087 |
|
| 904 |
_aAC _b046337 |
||
| 905 | _aLibro | ||
| 999 |
_c46335 _d46335 |
||